[Event "Helsingor Xtracon op"]
[Site "Helsingor"]
[Date "2019.07.27"]
[Round "9"]
[White "Madsen, Svend"]
[Black "Zwisler, Lars Erik"]
[Result "1-0"]
[WhiteElo "1655"]
[BlackElo "1789"]
[PlyCount "55"]
[EventDate "2019.07.20"]
[EventType "swiss"]
[EventRounds "10"]
[EventCountry "DEN"]
[SourceTitle "CBM 191 Extra"]
[Source "ChessBase"]
[SourceDate "2019.09.30"]
[SourceVersion "1"]
[SourceVersionDate "2019.09.30"]
[SourceQuality "1"]

1. e4 d5 2. exd5 Nf6 3. d4 Bg4 4. Nf3 Nxd5 5. Be2 Nc6 6. 0-0 e6 7. Re1 Bd6 8. a3 h6 9. c4 Nf6 10. Nc3 0-0 11. Be3 Rb8 12. b4 a6 13. Ra2 Re8 14. Rd2 a5 15. b5 Na7 16. c5 Be7 17. d5 exd5 18. Nxd5 Nxd5 19. Rxd5 Qc8 20. Qc1 c6 21. bxc6 bxc6 22. Rdd1 Bf6 23. h3 Bxf3 24. Bxf3 Bb2 25. Qd2 Bxa3 26. Bg4 Qb7 27. Qd6 Bb4 28. Rf1 1-0

[Event "Helsingor Xtracon op"]
[Site "Helsingor"]
[Date "2019.07.23"]
[Round "5"]
[White "Madsen, Svend"]
[Black "Lodahl, Holger Ronnow"]
[Result "0-1"]
[WhiteElo "1655"]
[BlackElo "1859"]
[PlyCount "54"]
[EventDate "2019.07.20"]
[EventType "swiss"]
[EventRounds "10"]
[EventCountry "DEN"]
[SourceTitle "CBM 191 Extra"]
[Source "ChessBase"]
[SourceDate "2019.09.30"]
[SourceVersion "1"]
[SourceVersionDate "2019.09.30"]
[SourceQuality "1"]

1. b3 Nf6 2. Bb2 g6 3. e3 Bg7 4. Be2 c5 5. f4 d6 6. Nf3 0-0 7. 0-0 Nc6 8. Qe1 d5 9. d3 d4 10. e4 Ng4 11. Na3 Ne3 12. Rf2 b5 13. Bd1 a6 14. Rb1 e5 15. Nxe5 Nxe5 16. fxe5 Bxe5 17. Bf3 Qd6 18. g3 Bh3 19. Qe2 Rae8 20. Bc1 f5 21. Bd2 fxe4 22. dxe4 Bxg3 23. hxg3 Qxg3+ 24. Kh1 Ng4 25. Rff1 Bxf1 26. Rxf1 Ne5 27. Be1 Qh3+ 0-1

[Event "Helsingor Xtracon op"]
[Site "Helsingor"]
[Date "2019.07.20"]
[Round "1"]
[White "Madsen, Svend"]
[Black "Klings, Peter"]
[Result "1/2-1/2"]
[WhiteElo "1655"]
[BlackElo "2105"]
[PlyCount "39"]
[EventDate "2019.07.20"]
[EventType "swiss"]
[EventRounds "10"]
[EventCountry "DEN"]
[SourceTitle "CBM 191 Extra"]
[Source "ChessBase"]
[SourceDate "2019.09.30"]
[SourceVersion "1"]
[SourceVersionDate "2019.09.30"]
[SourceQuality "1"]

1. e4 c5 2. c3 g6 3. Bc4 Bg7 4. Nf3 d6 5. d4 cxd4 6. Nxd4 Nf6 7. f3 0-0 8. 0-0 d5 9. exd5 Nxd5 10. Re1 e5 11. Ne2 Be6 12. Kh1 Nc6 13. Na3 Rc8 14. Bxd5 Bxd5 15. Be3 Qa5 16. Nc2 Rfd8 17. Qc1 Qa4 18. b3 Qh4 19. Bg5 Qf2 20. Be3 1/2-1/2

[Event "Helsingor Xtracon op"]
[Site "Helsingor"]
[Date "2017.07.24"]
[Round "4"]
[White "Rasmussen, Morten Fredsgaard"]
[Black "Madsen, Svend"]
[Result "1-0"]
[WhiteElo "1922"]
[BlackElo "1673"]
[PlyCount "31"]
[EventDate "2017.07.22"]
[EventType "swiss"]
[EventRounds "10"]
[EventCountry "DEN"]
[SourceTitle "CBM 179 Extra"]
[Source "ChessBase"]
[SourceDate "2017.08.23"]
[SourceVersion "1"]
[SourceVersionDate "2017.08.23"]
[SourceQuality "1"]

1. d4 d5 2. c3 Nf6 3. Nf3 Nc6 4. Bf4 Bf5 5. e3 e6 6. Bb5 Bg4 7. Nbd2 a6 8. Bxc6+ bxc6 9. Qa4 Bd6 10. Qxc6+ Ke7 11. Ne5 Bxe5 12. Bxe5 Ne8 13. c4 f6 14. Bg3 dxc4 15. h3 Bh5 16. Qc5+ 1-0

[Event "Helsingor Xtracon op"]
[Site "Helsingor"]
[Date "2017.07.23"]
[Round "2"]
[White "Alfven, Jorgen"]
[Black "Madsen, Svend"]
[Result "1-0"]
[WhiteElo "1927"]
[BlackElo "1673"]
[PlyCount "101"]
[EventDate "2017.07.22"]
[EventType "swiss"]
[EventRounds "10"]
[EventCountry "DEN"]
[SourceTitle "CBM 179 Extra"]
[Source "ChessBase"]
[SourceDate "2017.08.23"]
[SourceVersion "1"]
[SourceVersionDate "2017.08.23"]
[SourceQuality "1"]

1. d4 d5 2. Bf4 Nf6 3. Nf3 e6 4. e3 c5 5. c3 c4 6. Nbd2 Be7 7. Qc2 Nh5 8. Bg3 f5 9. Be2 Nxg3 10. hxg3 Nd7 11. b3 b5 12. a4 cxb3 13. Qxb3 bxa4 14. Qxa4 0-0 15. 0-0 Bf6 16. c4 Nb6 17. Qa2 dxc4 18. Nxc4 Bb7 19. Nxb6 Qxb6 20. Rab1 Bd5 21. Qa3 Qd8 22. Rfc1 Be7 23. Qa4 Bd6 24. Bc4 Bxc4 25. Qxc4 Qd7 26. Qa6 Rab8 27. Ra1 Rb7 28. Rc6 Rb6 29. Rxb6 axb6 30. Qxb6 Rb8 31. Qa6 h6 32. Rc1 Kf7 33. Qa5 Rb5 34. Qa2 g5 35. Rc5 Kf6 36. Rxb5 Qxb5 37. Qa7 Qb1+ 38. Kh2 f4 39. exf4 gxf4 40. Qd7 fxg3+ 41. fxg3 Qb8 42. Kh3 Bxg3 43. d5 exd5 44. Qxd5 Bf4 45. Qd4+ Kf7 46. Qd7+ Kf6 47. Nd4 Qe5 48. Qd8+ Qe7 49. Qh8+ Qg7 50. Qxg7+ Kxg7 51. Ne6+ 1-0

[Event "Helsingor Xtracon op"]
[Site "Helsingor"]
[Date "2016.07.27"]
[Round "6"]
[White "Madsen, Svend"]
[Black "Dittrich, Tom"]
[Result "0-1"]
[WhiteElo "1638"]
[BlackElo "1864"]
[PlyCount "92"]
[EventDate "2016.07.23"]
[EventType "swiss"]
[EventRounds "10"]
[EventCountry "DEN"]
[SourceTitle "CBM 173 Extra"]
[Source "ChessBase"]
[SourceDate "2016.08.29"]
[SourceVersion "1"]
[SourceVersionDate "2016.08.29"]
[SourceQuality "1"]

1. b3 e5 2. Bb2 Nc6 3. e3 Nf6 4. Nf3 Bd6 5. Be2 0-0 6. 0-0 Re8 7. d3 e4 8. Nfd2 exd3 9. cxd3 Bf8 10. Na3 d5 11. Nc2 Bd6 12. Bf3 Ne5 13. Be2 c6 14. Nf3 Ng6 15. Rb1 Qe7 16. Qd2 Bf5 17. Nfd4 Bd7 18. Nf3 Nf4 19. exf4 Qxe2 20. Bxf6 Qxd2 21. Nxd2 gxf6 22. g3 Bf5 23. Rfe1 Bxd3 24. Rxe8+ Rxe8 25. Re1 Rxe1+ 26. Nxe1 Bf5 27. Nef3 Bb4 28. Nd4 Bd3 29. N4f3 Kf8 30. h3 Ke7 31. g4 Bxd2 32. Nxd2 a5 33. f3 c5 34. Kf2 Kd6 35. Ke3 Bb5 36. f5 a4 37. f4 axb3 38. axb3 Bd7 39. Kd3 b5 40. Kc3 d4+ 41. Kd3 Kd5 42. h4 c4+ 43. bxc4+ bxc4+ 44. Ke2 Bb5 45. Kf3 c3 46. Nb1 c2 0-1